Statistics for 10 Random Asian Countries on an Empty Map

Click here to take the quiz!

General Stats

  • This quiz has been taken 13,221 times
  • The average score is 9 of 10

Answers on the Map

Answers color-coded by a green-red scale on the quiz's map according to % correct below.
 

Answer Stats

Country% Correct
China
99%
India
99%
Japan
99%
Mongolia
99%
Indonesia
98%
Vietnam
98%
Iran
97%
Nepal
97%
Kazakhstan
96%
Philippines
96%
Saudi Arabia
96%
Turkey
96%
Pakistan
95%
Myanmar
94%
Oman
94%
Iraq
93%
Sri Lanka
93%
Thailand
93%
Yemen
93%
Afghanistan
92%
Bangladesh
92%
North Korea
92%
Taiwan
92%
Cambodia
91%
Laos
91%
South Korea
91%
Syria
91%
Israel
90%
Georgia
89%
Uzbekistan
89%
Jordan
88%
Malaysia
88%
Bhutan
87%
Maldives
87%
United Arab Emirates
87%
Cyprus
86%
Kyrgyzstan
85%
Turkmenistan
85%
Tajikistan
84%
Armenia
83%
Azerbaijan
83%
Kuwait
82%
Qatar
81%
Lebanon
80%
East Timor
75%
Brunei
70%
Bahrain
47%
Singapore
44%

Score Distribution

Percentile by Number Answered

Percent of People with Each Score

Your Score History

You have not taken this quiz